000 00298nam a22001337a 4500
003 SGT
082 _a616.5
_bI17M
100 _aMAHAYAN, PRADEEP
245 _aI A D V L COLOR ATLAS OF DERMATOLOGY
260 _aINDIA
_bJAYPEE
_c2017
300 _a448
650 _aDERMATOLOGY
942 _2ddc
_cBK
999 _c14610
_d14610